000 00926nas a2200313 4500
001 BR0807862
003 BR-BrBNA
005 20231205112743.0
007 ta
008 230509b bl.|||p| |||| 00| 00por d
040 _aBR-BrBNA
_bpor
_cBiblioteca Nacional de Agricultura
041 _a(Pt)
072 _aL72
100 1 _aMitzuka, R.
100 1 _aNavarro, I.T.
100 1 _aSilva, A.C.B. da
100 1 _aBregano, J.W.
100 1 _aAlfieri, A.
100 1 _aJankevicius, J.V.
100 1 _aVidotto, O.
245 1 _aToxoplasma gondii: 2- Caracterização antogênica de taquizoítos de oito amostras
650 _aCÃO
650 _aGATO
650 _aRATO
650 _aPRAGA DE ANIMAL
773 0 _tBrazilian Journal of Veterinary Research and Animal Science (Brazil)
_xISSN 1413-9596
_g(1998), v. 35(1/6) p. 110-114
_wBR0807862
909 _a202311
_bLúcia
_c55
_dLúcia Elande
942 _2AGRIS
_n0
_cANA
999 _c199785
_d199785